[Event "European Club Cup 2006"]
[Site "Fuegen AUT"]
[Date "2006.10.10"]
[Round "3.45"]
[White "Gulbas, Cemil"]
[Black "Grabher, Heinz"]
[Result "1-0"]
[WhiteElo "2379"]
[BlackElo "2311"]
[PlyCount "111"]
[EventDate "2006.10.08"]
[EventType "team"]
[EventRounds "7"]
[EventCountry "AUT"]
[Source "lmi"]
[SourceDate "2006.10.08"]

1. e4 c5 2. Nf3 e6 3. d4 cxd4 4. Nxd4 Nf6 5. Nc3 Nc6 6. Ndb5 Bb4 7. a3 Bxc3+ 8.
Nxc3 d5 9. Bd3 d4 10. Ne2 e5 11. O-O O-O 12. h3 Nd7 13. f4 exf4 14. Bxf4 Nde5
15. Qe1 Be6 16. Qg3 f6 17. Bh6 Ng6 18. Bd2 Rc8 19. h4 Qc7 20. Bf4 Nxf4 21. Rxf4
Ne5 22. Nxd4 Qb6 23. c3 Bd7 24. Rb1 Rc5 25. Be2 Rfc8 26. Rff1 a5 27. Kh1 a4 28.
Nc2 Bb5 29. Bxb5 Qxb5 30. Nb4 Kh8 31. Rbd1 Qe8 32. Rd4 Nc6 33. Nxc6 R5xc6 34.
Rfd1 R6c7 35. R1d3 Re7 36. Qg4 h5 37. Qxc8 Qxc8 38. Rd8+ Qxd8 39. Rxd8+ Kh7 40.
Rd4 b5 41. g3 Kg6 42. Kg2 Kf7 43. Kf3 Re5 44. Ke3 Ke6 45. Kd3 g5 46. Rd8 gxh4
47. gxh4 f5 48. Re8+ Kd6 49. Rxe5 Kxe5 50. exf5 Kxf5 51. c4 bxc4+ 52. Kxc4 Kg4
53. b3 axb3 54. Kxb3 Kxh4 55. a4 Kg3 56. a5 1-0

[Event "European Club Cup 2006"]
[Site "Fuegen AUT"]
[Date "2006.10.10"]
[Round "3.48"]
[White "Gabriel, Christian"]
[Black "Hochstrasser, Michael"]
[Result "1/2-1/2"]
[WhiteElo "2540"]
[BlackElo "2363"]
[PlyCount "39"]
[EventDate "2006.10.08"]
[EventType "team"]
[EventRounds "7"]
[EventCountry "AUT"]
[Source "lmi"]
[SourceDate "2006.10.08"]

1. d4 d5 2. c4 c6 3. Nc3 dxc4 4. e3 b5 5. a4 b4 6. Na2 e6 7. Bxc4 Nf6 8. Nf3
Nbd7 9. O-O Bb7 10. Qb3 Qb6 11. e4 Be7 12. Re1 O-O 13. Bg5 c5 14. e5 Nd5 15.
Bxe7 Nxe7 16. dxc5 Nxc5 17. Qxb4 Qxb4 18. Nxb4 Bxf3 19. gxf3 Rfb8 20. Nd3
1/2-1/2

[Event "European Club Cup 2006"]
[Site "Fuegen AUT"]
[Date "2006.10.10"]
[Round "3.49"]
[White "Zenklusen, Rico"]
[Black "Jenni, Florian"]
[Result "1/2-1/2"]
[WhiteElo "2348"]
[BlackElo "2521"]
[PlyCount "114"]
[EventDate "2006.10.08"]
[EventType "team"]
[EventRounds "7"]
[EventCountry "AUT"]
[Source "lmi"]
[SourceDate "2006.10.08"]

1. e4 e5 2. Nf3 Nc6 3. Bb5 a6 4. Ba4 Nf6 5. O-O Be7 6. Re1 b5 7. Bb3 O-O 8. h3
Bb7 9. d3 Re8 10. Ng5 Rf8 11. Nf3 d6 12. a3 Nb8 13. Nbd2 Nbd7 14. Nf1 Re8 15.
Ng5 Rf8 16. Nf3 Nc5 17. Ba2 Ne6 18. Ng3 Re8 19. Nf5 Bf8 20. Ng5 h6 21. Nxe6
fxe6 22. f4 Kh7 23. Ng3 exf4 24. Bxf4 e5 25. Be3 Bc8 26. Qf3 Be7 27. Rf1 Rf8
28. Qe2 c6 29. Rf3 Qe8 30. Raf1 d5 31. exd5 cxd5 32. Rxf6 Rxf6 33. Rxf6 Bxf6
34. Bxd5 Be6 35. Bxa8 Qxa8 36. Ne4 Qd8 37. Qh5 Qe7 38. Bd2 Bf7 39. Nxf6+ Qxf6
40. Qe2 Bg6 41. Bc3 Qb6+ 42. Kh1 e4 43. dxe4 Qc6 44. Qg4 Qb7 45. e5 Qe4 46.
Qxe4 Bxe4 47. e6 Bxc2 48. e7 Bg6 49. Kg1 Kg8 50. Kf2 Kf7 51. Bb4 Be4 52. g3 h5
53. Ke3 Bg2 54. h4 a5 55. Bxa5 Kxe7 56. Kf4 g6 57. Ke5 Kd7 1/2-1/2

[Event "European Club Cup 2006"]
[Site "Fuegen AUT"]
[Date "2006.10.10"]
[Round "3.51"]
[White "Maeser, Fabian"]
[Black "Hug, Werner"]
[Result "1/2-1/2"]
[WhiteElo "2289"]
[BlackElo "2440"]
[PlyCount "34"]
[EventDate "2006.10.08"]
[EventType "team"]
[EventRounds "7"]
[EventCountry "AUT"]
[Source "lmi"]
[SourceDate "2006.10.08"]

1. e4 c6 2. c4 e5 3. Nf3 Nf6 4. Nc3 Bb4 5. a3 Bxc3 6. dxc3 O-O 7. Bg5 h6 8. Bh4
Re8 9. Qc2 Na6 10. b4 d6 11. Be2 Qe7 12. O-O Bg4 13. Rfd1 Nc7 14. Ne1 Bxe2 15.
Qxe2 Qe6 16. Bxf6 Qxf6 17. Nc2 Qg6 1/2-1/2

[Event "European Club Cup 2006"]
[Site "Fuegen AUT"]
[Date "2006.10.10"]
[Round "3.52"]
[White "Hess, Ralf"]
[Black "Gaehler, Marco"]
[Result "0-1"]
[WhiteElo "2340"]
[BlackElo "2206"]
[PlyCount "148"]
[EventDate "2006.10.08"]
[EventType "team"]
[EventRounds "7"]
[EventCountry "AUT"]
[Source "lmi"]
[SourceDate "2006.10.08"]

1. d4 Nf6 2. c4 g6 3. Nc3 Bg7 4. Nf3 O-O 5. Bg5 c5 6. d5 h6 7. Bh4 d6 8. e4 Qa5
9. Bd3 b5 10. cxb5 a6 11. bxa6 Bxa6 12. O-O Nbd7 13. Re1 Rfb8 14. Rb1 Rb4 15.
Qe2 Bxd3 16. Qxd3 Rab8 17. Qc2 g5 18. a3 R4b7 19. Bg3 Nh5 20. Na4 Rb3 21. Nc3
Qb6 22. Nd1 Rxa3 23. Nd2 Ra2 24. Nc4 Qb4 25. Nde3 Nxg3 26. hxg3 Ne5 27. Nxe5
Bxe5 28. Nc4 Bd4 29. Re2 Qb3 30. Kh2 Ra4 31. Rc1 Rbb4 32. Qxb3 Rxb3 33. e5 dxe5
34. Nxe5 Bxe5 35. Rxe5 Rxb2 36. Rxe7 Rxf2 37. d6 Rd4 38. d7 Rfd2 39. Rxc5 Rxd7
40. Rc8+ Kg7 41. Ree8 R2d4 42. Kh3 f5 43. Rh8 Kg6 44. Rcg8+ Kh5 45. Rf8 Rd1 46.
Kh2 Rf1 47. Rd8 Re7 48. Rde8 Ra7 49. Ra8 Rb7 50. Rab8 Rc7 51. Rbc8 Rd7 52. Rcd8
Re7 53. Rde8 Rxe8 54. Rxe8 Kg4 55. Re6 h5 56. Ra6 Re1 57. Ra3 h4 58. gxh4 Kxh4
59. Rh3+ Kg4 60. Rg3+ Kf4 61. Rf3+ Ke4 62. Ra3 f4 63. Ra5 g4 64. Ra4+ Ke3 65.
Ra3+ Kf2 66. Ra2+ Re2 67. Ra4 f3 68. Rxg4 Kf1 69. Ra4 Rxg2+ {[69. f2]} 70. Kh1
{[70. Kh3]} Re2 71. Ra1+ Re1 72. Ra2 Rd1 73. Kh2 f2 74. Rb2 Ke1 0-1

[Event "European Club Cup 2006"]
[Site "Fuegen AUT"]
[Date "2006.10.10"]
[Round "3.53"]
[White "Sokolov, Andrei"]
[Black "Maze, Sebastien"]
[Result "1/2-1/2"]
[WhiteElo "2580"]
[BlackElo "2510"]
[PlyCount "43"]
[EventDate "2006.10.08"]
[EventType "team"]
[EventRounds "7"]
[EventCountry "AUT"]
[Source "lmi"]
[SourceDate "2006.10.08"]

1. e4 c5 2. Nf3 Nc6 3. d4 cxd4 4. Nxd4 g6 5. c4 Nf6 6. Nc3 d6 7. Nc2 Bg7 8. Be2
Nd7 9. Bd2 O-O 10. O-O a5 11. Qc1 Nc5 12. Bh6 Be6 13. Bxg7 Kxg7 14. Qe3 Qb6 15.
b3 a4 16. Nd5 Bxd5 17. exd5 axb3 18. axb3 Rxa1 19. Rxa1 Qxb3 20. dxc6 Qxc2 21.
Qxe7 bxc6 22. Qxd6 1/2-1/2

[Event "European Club Cup 2006"]
[Site "Fuegen AUT"]
[Date "2006.10.10"]
[Round "3.54"]
[White "Eliet, Nicolas"]
[Black "Riff, Jean Noel"]
[Result "1/2-1/2"]
[WhiteElo "2439"]
[BlackElo "2445"]
[PlyCount "37"]
[EventDate "2006.10.08"]
[EventType "team"]
[EventRounds "7"]
[EventCountry "AUT"]
[Source "lmi"]
[SourceDate "2006.10.08"]

1. Nf3 Nf6 2. c4 e6 3. g3 a6 4. Bg2 b5 5. b3 c5 6. O-O Bb7 7. Bb2 Be7 8. e3 Qb6
9. Nc3 O-O 10. Qc2 h6 11. d3 d6 12. Rad1 Nc6 13. Ba1 Rfd8 14. Rfe1 Rac8 15. Qb2
Ne8 16. Qe2 Bf6 17. h3 Ne7 18. Kh2 Bc6 19. Rb1 1/2-1/2

[Event "European Club Cup 2006"]
[Site "Fuegen AUT"]
[Date "2006.10.10"]
[Round "3.55"]
[White "Volke, Karsten"]
[Black "Laurent, Bruno"]
[Result "1-0"]
[WhiteElo "2478"]
[BlackElo "2400"]
[PlyCount "105"]
[EventDate "2006.10.08"]
[EventType "team"]
[EventRounds "7"]
[EventCountry "AUT"]
[Source "lmi"]
[SourceDate "2006.10.08"]

1. d4 Nf6 2. c4 g6 3. Nc3 Bg7 4. e4 d6 5. f3 O-O 6. Be3 c5 7. Nge2 Nc6 8. d5
Ne5 9. Ng3 h5 10. Be2 h4 11. Nf1 e6 12. Nd2 exd5 13. cxd5 h3 14. g3 Bd7 15. a4
a6 16. a5 b5 17. axb6 Qxb6 18. Ra2 a5 19. g4 Bc8 20. g5 Ne8 21. f4 Nd7 22. f5
Bd4 23. Nc4 Qd8 24. f6 Nexf6 25. gxf6 Qxf6 26. Qd2 Qh4+ 27. Kd1 Bxc3 28. Qxc3
Qxe4 29. Rg1 Ba6 30. Ra3 Rfe8 31. Kc1 Qxd5 32. Kb1 Rab8 33. Ka1 Rb4 34. b3 a4
35. Bd3 Rxe3 36. Nxe3 Qxd3 37. Qxd3 Bxd3 38. bxa4 Be4 39. a5 d5 40. a6 d4 41.
Ng4 Rb8 42. Nf2 Bf5 43. Nxh3 c4 44. Nf4 Be4 45. Ne2 d3 46. Nc3 Nc5 47. a7 Ra8
48. Kb2 Kg7 49. Ra5 Nb7 50. Ra4 Nd6 51. Ra6 Bf5 52. Rxd6 Rxa7 53. Rb6 1-0

[Event "European Club Cup 2006"]
[Site "Fuegen AUT"]
[Date "2006.10.10"]
[Round "3.56"]
[White "Bergez, Luc"]
[Black "Kaenel, Hansjuerg"]
[Result "1-0"]
[WhiteElo "2395"]
[BlackElo "2388"]
[PlyCount "53"]
[EventDate "2006.10.08"]
[EventType "team"]
[EventRounds "7"]
[EventCountry "AUT"]
[Source "lmi"]
[SourceDate "2006.10.08"]

1. e4 c5 2. Nf3 e6 3. b3 b6 4. c4 Bb7 5. Nc3 d6 6. d4 cxd4 7. Nxd4 Nf6 8. Bd3
Nc6 9. Nxc6 Bxc6 10. O-O Be7 11. Qe2 O-O 12. Bf4 Nd7 13. Rad1 Qb8 14. Bg3 Bf6
15. Nb5 Bxb5 16. cxb5 Be5 17. f4 Bd4+ 18. Kh1 e5 19. f5 Qd8 20. f6 gxf6 21. Qh5
Qe7 22. Bh4 Be3 23. Rf3 Bg5 24. Rh3 h6 25. Bxg5 fxg5 26. Qxh6 f6 27. Bc4+ 1-0

[Event "European Club Cup 2006"]
[Site "Fuegen AUT"]
[Date "2006.10.10"]
[Round "3.57"]
[White "Kuehn, Peter"]
[Black "Le Quang, Kim"]
[Result "1/2-1/2"]
[WhiteElo "2384"]
[BlackElo "2305"]
[PlyCount "37"]
[EventDate "2006.10.08"]
[EventType "team"]
[EventRounds "7"]
[EventCountry "AUT"]
[Source "lmi"]
[SourceDate "2006.10.08"]

1. d4 g6 2. Nf3 Nf6 3. Bf4 Bg7 4. e3 d6 5. h3 O-O 6. Be2 c5 7. c3 b6 8. a4 Ba6
9. O-O Bxe2 10. Qxe2 Nc6 11. Nbd2 Re8 12. Rfd1 Qc8 13. Nc4 Qa6 14. Qf1 cxd4 15.
exd4 Nd5 16. Bd2 Rac8 17. Ne3 Qxf1+ 18. Kxf1 Nxe3+ 19. Bxe3 1/2-1/2

[Event "European Club Cup 2006"]
[Site "Fuegen AUT"]
[Date "2006.10.10"]
[Round "3.58"]
[White "Akhayan, Ruben"]
[Black "Weindl, Alfred"]
[Result "0-1"]
[WhiteElo "2257"]
[BlackElo "2360"]
[PlyCount "104"]
[EventDate "2006.10.08"]
[EventType "team"]
[EventRounds "7"]
[EventCountry "AUT"]
[Source "lmi"]
[SourceDate "2006.10.08"]

1. e4 c5 2. Nf3 Nc6 3. d4 cxd4 4. Nxd4 Nf6 5. Nc3 d6 6. Bc4 e6 7. Be3 Be7 8.
Qe2 a6 9. O-O-O O-O 10. Bb3 Nd7 11. g4 Nc5 12. Rhg1 Bd7 13. g5 b5 14. Qh5 g6
15. Qh6 Re8 16. Nxc6 Nxb3+ 17. axb3 Bxc6 18. Bd4 Bf8 19. Qh3 b4 20. Na4 e5 21.
Bb6 Qb8 22. Be3 Bxe4 23. Qh4 d5 24. f3 Bxf3 25. Rdf1 e4 26. Nb6 Qd6 27. Nxa8
Rxa8 28. Bd4 Rc8 29. Rf2 Bg7 30. Bxg7 Kxg7 31. Rd2 d4 32. Kb1 Rd8 33. Qg3 Qxg3
34. hxg3 e3 35. Rh2 Rd5 36. Rh4 a5 37. Re1 Rxg5 38. Rxd4 e2 39. Kc1 Rxg3 40.
Kd2 h5 41. c4 bxc3+ 42. bxc3 g5 43. c4 h4 44. Rd3 g4 45. c5 Rg2 46. Rh1 h3 47.
Rxf3 gxf3 48. c6 Rg6 49. c7 Rc6 50. Rxh3 Rd6+ 51. Kc2 e1=Q 52. c8=Q Rd2+ 0-1

[Event "European Club Cup 2006"]
[Site "Fuegen AUT"]
[Date "2006.10.10"]
[Round "3.62"]
[White "Trygstad, Kristian"]
[Black "Bogut, Zeljko"]
[Result "1/2-1/2"]
[WhiteElo "2327"]
[BlackElo "2444"]
[PlyCount "74"]
[EventDate "2006.10.08"]
[EventType "team"]
[EventRounds "7"]
[EventCountry "AUT"]
[Source "lmi"]
[SourceDate "2006.10.08"]

1. e4 c5 2. Nf3 Nc6 3. d4 cxd4 4. Nxd4 e5 5. Nb5 d6 6. N1c3 a6 7. Na3 b5 8. Nd5
Nf6 9. c4 b4 10. Nxf6+ Qxf6 11. Nc2 Qg6 12. Ne3 Be7 13. g3 O-O 14. Bg2 Be6 15.
Nd5 Bg5 16. O-O Bxc1 17. Rxc1 Bxd5 18. exd5 Nd4 19. f4 f6 20. Kh1 Rfc8 21. Qe1
b3 22. axb3 Nxb3 23. Rc3 Rab8 24. fxe5 fxe5 25. Bh3 Rd8 26. Bf5 Qh6 27. g4 Nd4
28. g5 Qxg5 29. Rg3 Qe7 30. Bxh7+ Kxh7 31. Qe4+ Kg8 32. Rh3 g5 33. Rh6 Rf8 34.
Rg6+ Kh8 35. Rh6+ Kg8 36. Rg6+ Kh8 37. Rh6+ Kg8 1/2-1/2

[Event "European Club Cup 2006"]
[Site "Fuegen AUT"]
[Date "2006.10.10"]
[Round "3.63"]
[White "Zivkovic, Vjekoslav"]
[Black "Moen, Ole Christian"]
[Result "1-0"]
[WhiteElo "2412"]
[BlackElo "2244"]
[PlyCount "78"]
[EventDate "2006.10.08"]
[EventType "team"]
[EventRounds "7"]
[EventCountry "AUT"]
[Source "lmi"]
[SourceDate "2006.10.08"]

1. e4 e5 2. Nf3 Nc6 3. Bb5 a6 4. Ba4 b5 5. Bb3 Na5 6. O-O d6 7. d4 f6 8. Qe2
Nxb3 9. axb3 Bb7 10. c4 b4 11. Rd1 Qc8 12. Nbd2 c5 13. d5 g6 14. Ne1 Nh6 15.
Nd3 Bg7 16. f4 Qg4 17. Nf3 Nf7 18. h3 Qd7 19. fxe5 fxe5 20. Be3 Bc8 21. Rf1 Qe7
22. Qd2 h6 23. Qf2 g5 24. Nxc5 dxc5 25. Bxc5 Nd6 26. Nxg5 Rf8 27. Nf3 a5 28.
Bxb4 Rb8 29. Bxd6 Qxd6 30. Rxa5 Qg6 31. Nxe5 Qh5 32. Nf3 Rxb3 33. Ra8 Rfxf3 34.
gxf3 Qxh3 35. e5 Kd8 36. Re1 Rxf3 37. Qb6+ Ke7 38. Ra7+ Ke8 39. Qg6+ Kd8 1-0

[Event "European Club Cup 2006"]
[Site "Fuegen AUT"]
[Date "2006.10.10"]
[Round "3.64"]
[White "Kovachev, Daniel"]
[Black "Rade, Miroslav"]
[Result "0-1"]
[WhiteElo "2132"]
[BlackElo "2425"]
[PlyCount "102"]
[EventDate "2006.10.08"]
[EventType "team"]
[EventRounds "7"]
[EventCountry "AUT"]
[Source "lmi"]
[SourceDate "2006.10.08"]

1. e4 e5 2. Nf3 Nc6 3. Bb5 a6 4. Ba4 Nf6 5. O-O Be7 6. Re1 b5 7. Bb3 d6 8. c3
O-O 9. h3 Na5 10. Bc2 c5 11. d4 Nc6 12. d5 Na5 13. Nbd2 c4 14. Nf1 Nb7 15. N3h2
Nd7 16. a4 Rb8 17. axb5 axb5 18. g3 Ndc5 19. Kg2 Qd7 20. g4 Qd8 21. f4 Na5 22.
Be3 Nab3 23. Ra2 exf4 24. Bxf4 Bg5 25. Qf3 Re8 26. Ng3 h6 27. Qf2 Bxf4 28. Qxf4
b4 29. Ra7 Rf8 30. Nh5 bxc3 31. bxc3 Nd3 32. Bxd3 cxd3 33. Qf2 Rb7 34. Rxb7
Bxb7 35. Rb1 Nc5 36. Qd4 f6 37. Nf4 Re8 38. Re1 Qa5 39. Nf3 Qa2+ 40. Kg3 Qc2
41. Re3 Ba6 42. Ne1 Qc1 43. Nfxd3 Bxd3 44. Nxd3 Qg1+ 45. Kf3 Qh1+ 46. Ke2 Qg2+
47. Nf2 Ra8 48. Rf3 Ra4 49. c4 Ra2+ 50. Ke3 Ra3+ 51. Nd3 Rxd3+ 0-1

[Event "European Club Cup 2006"]
[Site "Fuegen AUT"]
[Date "2006.10.10"]
[Round "3.66"]
[White "Berg, Emanuel"]
[Black "Berelovich, Aleksandar"]
[Result "1-0"]
[WhiteElo "2582"]
[BlackElo "2551"]
[PlyCount "55"]
[EventDate "2006.10.08"]
[EventType "team"]
[EventRounds "7"]
[EventCountry "AUT"]
[Source "lmi"]
[SourceDate "2006.10.08"]

1. e4 e6 2. d4 d5 3. Nc3 Bb4 4. e5 c5 5. a3 Bxc3+ 6. bxc3 Qc7 7. Qg4 f5 8. Qg3
Ne7 9. Qxg7 Rg8 10. Qxh7 cxd4 11. Ne2 Nbc6 12. h4 dxc3 13. Bg5 Qxe5 14. Qh5+
Ng6 15. f4 Qe4 16. Rh3 d4 17. Qh7 Nge7 18. O-O-O e5 19. Nxc3 dxc3 20. Bb5 Rxg5
21. hxg5 Be6 22. Qg7 Bd5 23. Rxc3 exf4 24. Qh8+ Bg8 25. Bc4 Kf8 26. Rd6 Rd8 27.
Qh6+ Ke8 28. Qh5+ 1-0

[Event "European Club Cup 2006"]
[Site "Fuegen AUT"]
[Date "2006.10.10"]
[Round "3.67"]
[White "Ahn, Martin"]
[Black "Carlsson, Pontus"]
[Result "0-1"]
[WhiteElo "2312"]
[BlackElo "2461"]
[PlyCount "106"]
[EventDate "2006.10.08"]
[EventType "team"]
[EventRounds "7"]
[EventCountry "AUT"]
[Source "lmi"]
[SourceDate "2006.10.08"]

1. e4 c5 2. Nf3 d6 3. d4 Nf6 4. Nc3 cxd4 5. Nxd4 a6 6. Bc4 e6 7. Bb3 b5 8. Qf3
Qc7 9. O-O Be7 10. Re1 O-O 11. Qg3 Bd7 12. Bh6 Ne8 13. Rad1 Nc6 14. Nf3 Ne5 15.
Bf4 Bf6 16. Nd4 b4 17. Nce2 a5 18. c3 a4 19. Bc2 Nc4 20. Bc1 a3 21. b3 Nb2 22.
Bxb2 axb2 23. Bb1 bxc3 24. Nxc3 Rc8 25. Ncb5 Qb6 26. a4 e5 27. Qd3 exd4 28. e5
g6 29. exf6 Bxb5 30. axb5 Rc3 31. Qe2 Nxf6 32. Qxb2 Qxb5 33. Rxd4 Rxb3 34. Qa1
d5 35. Bc2 Rb2 36. Rb1 Rxb1+ 37. Bxb1 Qe2 38. Bd3 Qe5 39. Ra4 Qg5 40. h4 Qd2
41. Qxf6 Qd1+ 42. Bf1 Qxa4 43. h5 Ra8 44. h6 Qa1 45. Qd6 Qc1 46. Qxd5 Rf8 47.
g3 Qxh6 48. Bc4 Qg7 49. Kh2 Qf6 50. Kg2 Rd8 51. Qa5 Qc6+ 52. Kh2 Rd1 53. Bf1
Rxf1 0-1

[Event "European Club Cup 2006"]
[Site "Fuegen AUT"]
[Date "2006.10.10"]
[Round "3.68"]
[White "Ernst, Thomas"]
[Black "Marechal, Andy"]
[Result "1-0"]
[WhiteElo "2441"]
[BlackElo "2304"]
[PlyCount "73"]
[EventDate "2006.10.08"]
[EventType "team"]
[EventRounds "7"]
[EventCountry "AUT"]
[Source "lmi"]
[SourceDate "2006.10.08"]

1. e4 e6 2. d4 d5 3. Nc3 Nf6 4. Bg5 dxe4 5. Nxe4 Be7 6. Bxf6 gxf6 7. Nf3 b6 8.
Bd3 Bb7 9. Qe2 c6 10. O-O-O Qc7 11. Kb1 Nd7 12. c4 O-O-O 13. d5 cxd5 14. cxd5
Bxd5 15. Rc1 Nc5 16. b4 Nxd3 17. Rxc7+ Kxc7 18. a3 Nf4 19. Qc2+ Kb8 20. Nc3
Bxf3 21. gxf3 Rc8 22. Rc1 Rhd8 23. Qxh7 Nd3 24. Qxf7 Bd6 25. Rc2 Rc7 26. Qxe6
Re7 27. Qxf6 Re1+ 28. Ka2 Be7 29. Qf5 Re5 30. Qf7 Rc8 31. Qh7 Ne1 32. f4 Re6
33. f5 Re5 34. Rd2 Bf6 35. Rd7 Rxc3 36. Rb7+ Kc8 37. Qd7# 1-0

[Event "European Club Cup 2006"]
[Site "Fuegen AUT"]
[Date "2006.10.10"]
[Round "3.69"]
[White "Huesmann, Thomas"]
[Black "Lindberg, Bosse"]
[Result "0-1"]
[WhiteElo "2315"]
[BlackElo "2392"]
[PlyCount "68"]
[EventDate "2006.10.08"]
[EventType "team"]
[EventRounds "7"]
[EventCountry "AUT"]
[Source "lmi"]
[SourceDate "2006.10.08"]

1. e4 c5 2. Nc3 Nc6 3. f4 g6 4. Nf3 Bg7 5. Bc4 e6 6. f5 Nge7 7. fxe6 dxe6 8. d3
O-O 9. O-O Na5 10. Bb3 h6 11. Kh1 Nec6 12. Ne2 Nxb3 13. axb3 Kh7 14. Be3 b6 15.
c3 e5 16. h3 f5 17. Bg1 a5 18. Ne1 f4 19. b4 cxb4 20. d4 bxc3 21. bxc3 Ba6 22.
d5 Ne7 23. Rb1 Nc8 24. Nf3 Rb8 25. Qc2 Qc7 26. Rfe1 Nd6 27. Nc1 Rfc8 28. Na2
Bf6 29. Qf2 Bd3 30. Rxb6 Nxe4 31. Qb2 Ng3+ 32. Kh2 e4 33. Nd2 e3 34. Nf3 Rxb6
0-1

[Event "European Club Cup 2006"]
[Site "Fuegen AUT"]
[Date "2006.10.10"]
[Round "3.70"]
[White "Couso, Luis"]
[Black "Petzold, Klaus"]
[Result "1/2-1/2"]
[WhiteElo "2294"]
[BlackElo "2246"]
[PlyCount "67"]
[EventDate "2006.10.08"]
[EventType "team"]
[EventRounds "7"]
[EventCountry "AUT"]
[Source "lmi"]
[SourceDate "2006.10.08"]

1. e4 c6 2. d4 d5 3. e5 c5 4. dxc5 Nc6 5. Bb5 e6 6. Qg4 h5 7. Bxc6+ bxc6 8. Qa4
Bd7 9. Be3 Nh6 10. f4 Nf5 11. Bf2 g5 12. Nf3 gxf4 13. Nc3 Rg8 14. O-O Bh6 15.
Ne2 Qe7 16. h3 Ne3 17. Bxe3 fxe3 18. Qd4 Bc8 19. Nf4 Bxf4 20. Qxf4 Ba6 21. Qxe3
Bxf1 22. Rxf1 O-O-O 23. b4 Rg3 24. Kh2 Rdg8 25. Rf2 f6 26. Qe2 Qc7 27. Kh1 Rxf3
28. Qxf3 fxe5 29. Qxh5 e4 30. Qh6 Qe5 31. Rf8+ Rxf8 32. Qxf8+ Kd7 33. Qf7+ Kd8
34. Qf8+ 1/2-1/2

[Event "European Club Cup 2006"]
[Site "Fuegen AUT"]
[Date "2006.10.10"]
[Round "3.71"]
[White "Shengelia, Davit"]
[Black "Schlosser, Philipp"]
[Result "1/2-1/2"]
[WhiteElo "2504"]
[BlackElo "2554"]
[PlyCount "115"]
[EventDate "2006.10.08"]
[EventType "team"]
[EventRounds "7"]
[EventCountry "AUT"]
[Source "lmi"]
[SourceDate "2006.10.08"]

1. d4 f5 2. Nc3 Nf6 3. Bg5 d5 4. Bxf6 exf6 5. e3 Be6 6. Bd3 Nc6 7. a3 Qd7 8.
Nge2 Ne7 9. b3 g6 10. Na4 b6 11. c4 Bh6 12. Qc2 O-O 13. O-O c6 14. cxd5 Nxd5
15. Nac3 Rac8 16. Ba6 Rc7 17. Nxd5 Qxd5 18. b4 Rff7 19. Rfc1 Qd6 20. Bc4 Bxc4
21. Qxc4 f4 22. exf4 Bxf4 23. Nxf4 Qxf4 24. g3 Qg4 25. b5 c5 26. dxc5 Qxc4 27.
Rxc4 Rxc5 28. Rxc5 bxc5 29. Rc1 Rc7 30. Kf1 Kf7 31. Ke2 Ke6 32. Kd3 Kd5 33. Kc3
Ke4 34. a4 Rd7 35. Re1+ Kf3 36. a5 Kxf2 37. Rb1 f5 38. b6 axb6 39. axb6 Rb7 40.
Kc4 g5 41. Kxc5 f4 42. gxf4 gxf4 43. Kc6 Rb8 44. Kc7 Rf8 45. b7 f3 46. b8=Q
Rxb8 47. Rxb8 Kg2 48. h4 f2 49. Rg8+ Kh3 50. Rf8 Kg2 51. Kd6 f1=Q 52. Rxf1 Kxf1
53. Ke5 Ke2 54. h5 Kd3 55. Kf6 Ke4 56. Kg7 Kf5 57. Kxh7 Kf6 58. h6 1/2-1/2

[Event "European Club Cup 2006"]
[Site "Fuegen AUT"]
[Date "2006.10.10"]
[Round "3.72"]
[White "Boensch, Uwe"]
[Black "Wittmann, Walter"]
[Result "1-0"]
[WhiteElo "2524"]
[BlackElo "2333"]
[PlyCount "119"]
[EventDate "2006.10.08"]
[EventType "team"]
[EventRounds "7"]
[EventCountry "AUT"]
[Source "lmi"]
[SourceDate "2006.10.08"]

1. d4 Nf6 2. c4 g6 3. Nc3 Bg7 4. e4 d6 5. Be2 O-O 6. Bg5 a6 7. Qd2 c5 8. Nf3
Bg4 9. d5 Qa5 10. O-O Bxf3 11. Bxf3 Nbd7 12. Be2 Rfe8 13. a4 e6 14. Qc2 exd5
15. exd5 Qc7 16. Rae1 Re7 17. Bd1 Rae8 18. Bd2 Qd8 19. h3 Rxe1 20. Rxe1 Rxe1+
21. Bxe1 Bh6 22. Kf1 Kf8 23. g3 Ne5 24. Be2 Ned7 25. f4 Qe7 26. Bd2 Ne8 27. Kg2
Bg7 28. Bf3 Bd4 29. Ne2 Bg7 30. g4 Qf6 31. Bc1 Qe7 32. a5 Qd8 33. Qa4 Qc7 34.
Qa3 Bf6 35. g5 Bg7 36. h4 f5 37. h5 b6 38. h6 Bh8 39. Bd2 bxa5 40. Bxa5 Qb7 41.
b3 Kf7 42. Qa4 Nf8 43. Qa2 Ke7 44. Qc2 Kf7 45. Qd3 Kg8 46. Kf1 Kf7 47. Ke1 Kg8
48. Kd1 Kf7 49. Kc2 Kg8 50. Kb1 Kf7 51. Ka2 Nd7 52. Ng3 Nf8 53. Nxf5 gxf5 54.
Bh5+ Ng6 55. Qxf5+ Kg8 56. Bxg6 hxg6 57. Qxg6+ Kf8 58. Qe6 Qf7 59. Bd8 Bd4 60.
f5 1-0

[Event "European Club Cup 2006"]
[Site "Fuegen AUT"]
[Date "2006.10.10"]
[Round "3.73"]
[White "Arwanitakis, Michael"]
[Black "Lehner, Oliver"]
[Result "1/2-1/2"]
[WhiteElo "2265"]
[BlackElo "2421"]
[PlyCount "187"]
[EventDate "2006.10.08"]
[EventType "team"]
[EventRounds "7"]
[EventCountry "AUT"]
[Source "lmi"]
[SourceDate "2006.10.08"]

1. g3 e5 2. c4 g6 3. Bg2 Bg7 4. Nc3 c5 5. e3 Nc6 6. Nge2 Nge7 7. O-O O-O 8. a3
d6 9. Rb1 Be6 10. Nd5 Rb8 11. Nec3 a6 12. b4 cxb4 13. axb4 b5 14. cxb5 axb5 15.
Qe2 Qd7 16. d3 Rfc8 17. Bd2 Nxd5 18. Nxd5 Ne7 19. Nxe7+ Qxe7 20. Rfc1 h5 21. h4
Qd7 22. Qd1 d5 23. Rxc8+ Rxc8 24. Rc1 Bf8 25. Bf3 Bg4 26. Rxc8 Qxc8 27. Bxg4
hxg4 28. Qb3 Qd7 29. Qa2 Qc6 30. Qb2 e4 31. d4 Qc4 32. Qc3 Qe2 33. Be1 f5 34.
Qd2 Qc4 35. Qc3 Kf7 36. Qd2 Ke6 37. Qc3 Bd6 38. Qd2 Be7 39. Kg2 Bf6 40. Kg1 f4
41. gxf4 Bxh4 42. Qd1 Kf5 43. Qd2 Be7 44. Kg2 Bd6 45. Kg1 g5 46. fxg5 Kxg5 47.
Kg2 Kf5 48. Kg1 Qc8 49. Qc3 Qd7 50. Qc2 Kg5 51. Qc3 Qe8 52. Qc2 Kf5 53. Kf1 Kf6
54. Qa2 Qc6 55. Kg2 Bb8 56. Qa5 Ke7 57. Qa2 Qd6 58. Kf1 Kd8 59. Qe2 Qd7 60. Qa2
Qc6 61. Kg2 Kc8 62. Qe2 Qd7 63. Qc2+ Kb7 64. Qc5 Bc7 65. Kg1 Ka6 66. Kg2 Bd8
67. Kg1 Be7 68. Qc2 Kb7 69. Qe2 Bd6 70. Kg2 Bc7 71. Kg1 Kb6 72. Qa2 Qc6 73.
Qa5+ Kb7 74. Qa2 Qd6 75. Kf1 Qd7 76. Qe2 Kb6 77. Qa2 Qc6 78. Kg2 Qc4 79. Qd2
Bb8 80. Qc3 Bd6 81. Qd2 Kb7 82. Kg1 Bb8 83. Qd1 Qc8 84. Qe2 Kb6 85. Qa2 Qc4 86.
Qd2 Qc7 87. Kf1 Kb7 88. Qc3 Qd7 89. Kg1 Bd6 90. Qb3 Qf5 91. Qa2 Bc7 92. Qe2 Qd7
93. Kf1 Bb6 94. Kg2 1/2-1/2

[Event "European Club Cup 2006"]
[Site "Fuegen AUT"]
[Date "2006.10.10"]
[Round "3.74"]
[White "Schwarz, Michael"]
[Black "Wagner, Stephan"]
[Result "1-0"]
[WhiteElo "2399"]
[BlackElo "2231"]
[PlyCount "97"]
[EventDate "2006.10.08"]
[EventType "team"]
[EventRounds "7"]
[EventCountry "AUT"]
[Source "lmi"]
[SourceDate "2006.10.08"]

1. g3 d5 2. d4 Nf6 3. Bg2 c6 4. Nf3 Bf5 5. O-O h6 6. c4 e6 7. Nc3 Bd6 8. Qb3
Qc8 9. Nd2 O-O 10. e4 dxe4 11. Ndxe4 Nxe4 12. Nxe4 Bxe4 13. Bxe4 Nd7 14. Bg2 e5
15. Be3 exd4 16. Bxd4 Be5 17. Be3 Qc7 18. Rad1 Rfd8 19. a4 b6 20. Qc2 Rac8 21.
b3 Nc5 22. b4 Na6 23. Qb1 Qe7 24. b5 cxb5 25. axb5 Nc5 26. Rd5 Na4 27. Qf5 Bf6
28. Qg4 Nc3 29. Bxh6 Nxd5 30. Bxd5 Qd7 31. Qf3 Qe7 32. Be3 Qb4 33. Rc1 Qb2 34.
Kg2 Rc7 35. h4 Re7 36. Rd1 Rde8 37. Bc1 Qc2 38. Bg5 Bxg5 39. hxg5 Qg6 40. Bc6
Rc8 41. Rd5 Rec7 42. Bd7 Rxd7 43. Rxd7 Rxc4 44. Rxa7 Rc5 45. Ra8+ Kh7 46. Ra4
Rc8 47. Qd5 Kg8 48. Re4 Rf8 49. Re7 1-0